| 000 | 01008nam a2200229 a 4500 | ||
|---|---|---|---|
| 001 | 54174 | ||
| 003 | BD-RjUL | ||
| 005 | 20211209080101.0 | ||
| 008 | 161102s1994 ii ||||| |||| 00| 0 ben d | ||
| 020 | _c: Irs 30.00 | ||
| 035 | _a(BD-RjUL)54296 | ||
| 040 |
_aBD-RjUL _bben _cBD-RjUL |
||
| 041 | _aben | ||
| 082 |
_223 _a891.4415 _bGHN 1994 |
||
| 100 |
_aঘোষ, সুশীলকুমার _9161707 |
||
| 245 | 1 | 0 |
_aনজরুল সান্নিধ্যে : _bউদ্ধৃতি সংকলন, সংক্ষিপ্ত জীবনী, না-জানা কিছু ঘটনা / _cসুশীলকুমার ঘোষ |
| 260 |
_aকলিকাতা : _bনবপত্র প্রকাশন, _c১৯৯৪ [১৪০১] |
||
| 300 |
_a[১০], ১০৮ পৃ. ; _c২১ সেমি. |
||
| 600 |
_aইসলাম, কাজী নজরুল _d১৮৯৯-১৯৭৬ _9161712 |
||
| 600 |
_aIslam, kazi Nazrul _d1899-1976 _9161713 |
||
| 942 |
_2ddc _cBK |
||
| 999 |
_c54174 _d54174 |
||